000 00339nam a22001457a 4500
003 SGT
020 _a978-1-25-902996-7
082 _a005.73
_bLIP
100 _aLIPSCHUTZ,SEYMOUR
245 _aDATA STRUCTURES
260 _aNEW DELHI
_bMC-GRAW HILL
_c2016
300 _aA-19
650 _aCOMPUTER SCIENCE ENGINEERING
942 _2ddc
_cBK
_048
999 _c14215
_d14215